| 000 | 00584nam a22002057a 4500 | ||
|---|---|---|---|
| 008 | 150521b xxu||||| |||| 00| 0 eng d | ||
| 020 | _a9780073374307 | ||
| 041 | 0 | _aeng | |
| 080 | _a61 | ||
| 100 | 1 |
_aAllan, David, _d1942- |
|
| 245 | 1 | 0 | _aMedical language for modern health care / |
| 250 | _a2nd ed. | ||
| 260 |
_aNew York : _bMcGraw Hill, _cc2011. |
||
| 300 |
_a909, [152] p. : _bme il. ; _c28 cm. |
||
| 650 | 0 |
_aMjekësi _xTerminologji |
|
| 650 | 1 | 2 | _aMjekësi |
| 650 | 1 | 2 | _aTerminologji si temë |
| 700 | 1 | _aLockyer, Karen. | |
| 942 |
_2udc _cBK |
||
| 999 |
_c878 _d878 |
||